LEADER 00532nam 2200205 u 450 001 9910747001003321 005 20230921221421.0 010 $a1-4529-7021-1 035 $a(CKB)28269897800041 035 $a(EXLCZ)9928269897800041 100 $a20230921d2023uuuu uy 0 101 0 $aeng 200 10$aNo More Fossils 210 $cUniversity of Minnesota Press$d2023 311 $a9781517916367 700 $aDominic Boyer$0967426 906 $aBOOK 912 $a9910747001003321 996 $aNo More Fossils$93570016 997 $aUNINA